The Struggle Is Real - OT Bible Characters Quiz Stats

 Plays Quiz Updated Aug 6, 2017

Support Sporcle.
Go Orange.
Score 0/20 Timer 06:00
3 Plays Today
% Correct
Adam and Eve
91%
Noah
89.8%
David
89.8%
Moses
89.1%
Samson
87.4%
Abel
86.9%
Jonah
86.5%
Abraham
86.2%
Daniel
84.5%
Joseph
81.4%
% Correct
Lot
80.6%
Ruth
74.9%
Job
74.5%
Sarah
73%
Solomon
71.3%
Esther
70.8%
Rachel
68%
Jeremiah
65.3%
Deborah
62.5%
Saul
60.9%

You're not logged in!

Compare scores with friends on all Sporcle quizzes.
OR
Log In
Forgot?

From the Vault

50 Flicks to Click (1973)

by MSUKent

"You have offended my family, and you have offended the Shaolin Temple."
Remove Ads.
Support Sporcle.
Get the best of Sporcle when you Go Orange. This ad-free experience offers more features, more stats, and more fun while also helping to support Sporcle. Thank you for becoming a member.

Show Comments

Extras

Top Quizzes Today


Score Distribution

Your Account Isn't Verified!

In order to create a playlist on Sporcle, you need to verify the email address you used during registration. Go to your Sporcle Settings to finish the process.

Report this User

Report this user for behavior that violates our Community Guidelines.

Details: